Acción e ideología: Psicología Social desde Centroamérica

Tallennettuna:
Bibliografiset tiedot
Päätekijä: Martín-Baró, Ignacio (autor)
Aineistotyyppi: Kirja
Kieli:espanja
Julkaistu: San Salvador UCA Editores 1982
Painos:2a. ed
Aiheet:
Tagit: Lisää tagi
Ei tageja, Lisää ensimmäinen tagi!

MARC

LEADER 00000cam a2200000 a 4500
001 UCD5587
003 CL-VaPUC
008 160922e19820000es |||||||||||||||||spa|d
020 |a 9789992349182 
082 0 4 |a 302.3  |b MAR  |2 21 
100 |a Martín-Baró, Ignacio  |e autor  |9 589388 
245 1 0 |a Acción e ideología: Psicología Social desde Centroamérica 
250 |a 2a. ed 
300 |a 459 p 
942 |c BK 
945 |d 20160922 22:24:00  |a dcastane 
260 |a San Salvador  |b UCA Editores  |c 1982 
650 0 |a Psicología social   |9 222894 
650 0 |a Ideologías políticas   |9 255735 
583 |a last modification  |c 20160922 22:24:00  |k Rodrigo Vera 
999 |c 366240  |d 366238 
952 |0 0  |1 0  |3 erb  |4 0  |6 302_300000000000000_MAR_1982  |7 0  |8 A  |9 480319  |a BIBEDU  |b BIBEDU  |i 534249K  |o 302.3 MAR 1982  |p 534249K  |r 2019-11-24  |w 2019-11-24  |y BK  |z Catalogado en:20160922  |k PSI 
952 |0 0  |1 0  |3 erb  |4 0  |6 302_300000000000000_MAR_1982  |7 0  |8 A  |9 480320  |a BIBEDU  |b BIBEDU  |i 5342481  |o 302.3 MAR 1982  |p 5342481  |r 2019-11-24  |w 2019-11-24  |y BK  |z Catalogado en:20160922  |k PSI